| 000 | 01582nac a22004937a 4500 | ||
|---|---|---|---|
| 001 | BR2016003418 | ||
| 003 | BR-BrBNA | ||
| 005 | 20240105124036.0 | ||
| 008 | 230509b bl.|||m| |||| 00| 0 por d | ||
| 040 |
_aBR-BrBNA _bpor _cBiblioteca Nacional de Agricultura |
||
| 072 | _aL10; L01 | ||
| 090 | _a5214 BR2016003418 | ||
| 100 | 1 | _aPanetto, J.C. do C. | |
| 100 | 1 | _aVerneque, R. da S. | |
| 100 | 1 | _aSilva, M.V.G.B. da | |
| 100 | 1 | _aMachado, M.A. | |
| 100 | 1 | _aMartins, M.F. | |
| 100 | 1 | _aBruneli, F.A.T. | |
| 100 | 1 | _aPeixoto, M.G.C.D. | |
| 100 | 1 | _aSantos, G.G. dos | |
| 100 | 1 | _aArbex, W.A. | |
| 100 | 1 | _aReis, D.R. de L. | |
| 100 | 1 | _aGeraldo, C.C. | |
| 100 | 1 | _aMachado, C.H.C. | |
| 100 | 1 | _aVentura, H.T. | |
| 100 | 1 | _aPereira, M.A. | |
| 100 | 1 | _aHortolani, B. | |
| 100 | 1 | _aVercesi Filho, A.E. | |
| 100 | 1 | _aMaciel, R. da S. | |
| 100 | 1 | _aFernandes, A.R. | |
| 110 | 1 | _aEMBRAPA Gado de Leite, Juiz de Fora, MG (Brasil) | |
| 245 | 1 | _aPrograma Nacional de Melhoramento do Gir Leiteiro: sumário Brasileiro de Touros; resultados do teste de progênie; 7a. prova de pré-seleção de touros; maio 2016 | |
| 260 | 3 |
_aJuiz de Fora, MG (Brasil): _c2016. |
|
| 300 | _a86 p. | ||
| 490 |
_aDocumentos - EMBRAPA Gado de Leite (Brazil) _vno. 187 _xISSN 1516-7453 |
||
| 500 | _a11 tables; 8 illus. | ||
| 650 | _aGADO LEITEIRO | ||
| 650 | _aGADO GIR | ||
| 650 | _aMELHORAMENTO GENÉTICO ANIMAL | ||
| 650 | _aTESTE DE PROGÊNIE | ||
| 650 | _aPRODUÇÃO LEITEIRA | ||
| 909 |
_a202312 _bLúcia Elande _c55 _dLúcia Elande |
||
| 942 |
_2AGRIS _n0 _cMS |
||
| 999 |
_c298115 _d298115 |
||